000 01315cam a22002891i 4500
003 SA-RiAUC
005 20250223064124.0
008 250219s1989 su h g 000 0cara c
040 _aSA-JeALM
_bara
_cSA-RiAUC
_erda
082 0 4 _a234.6
_qSA-RiAUC
090 _a234.6
_bذ هـ ب
100 1 _aالذهبي، محمد بن أحمد بن عثمان،
_d673-748 هجري
_eمؤلف.
245 1 2 _aالمجرد في أسماء رجال سنن ابن ماجة /
_cتأليف الحافظ الذهبي ؛ تحقيق وتعليق واستدراك باسم فيصل الجوابرة.
250 _aالطبعة الأولى.
264 1 _aالرياض :
_bدار الراية للنشر والتوزيع،
_c1988
300 _a272 صفحة :
_bمثيليات ؛
_c24 سم
336 _aنص
_btxt
_2rdacontent
_3كتاب
337 _aبدون وسيط
_bn
_2rdamedia
338 _aمجلد
_bnc
_2rdacarrier
650 7 _aالحديث
_xتراجم الرواة
_2aucsh
650 7 _aالحديث
_xسنن ابن ماجة
_vتراجم
_2aucsh
700 1 _aالجوابرة، باسم فيصل أحمد،
_d1954-
_eمحقق.
700 1 2 _aابن ماجة، محمد بن يزيد الربعي،
_d209-273 هجري
740 0 2 _aسنن ابن ماجة.
942 _2ddc
_cBOOK
_n0
949 _aSA-JeALM
_d250219
_uosman123
_n1
999 _c6179
_d6179